LIBRARY & INFORMATION CENTRE, KCAET, TAVANUR

ONLINE PUBLIC ACCESS CATALOGUE (OPAC)

Soil chemistry: Basic elements / (Record no. 10749)

MARC details
000 -LEADER
fixed length control field 00450cam a2200169ua 4500
020 ## - INTERNATIONAL STANDARD BOOK NUMBER
ISBN 0-444-41435-5
041 ## - LANGUAGE CODE
Language code of text/sound track or separate title eng
082 ## - DEWEY DECIMAL CLASSIFICATION NUMBER
Classification number 631.41
Item number BOL/SO
100 ## - MAIN ENTRY--AUTHOR NAME
Personal name Bolt, G H .
245 ## - TITLE STATEMENT
Title Soil chemistry: Basic elements /
260 ## - PUBLICATION, DISTRIBUTION, ETC. (IMPRINT)
Place of publication New York :
Name of publisher Elsevier Scientific Publishing Company ,
Year of publication 1981.
300 ## - PHYSICAL DESCRIPTION
Number of Pages 281 ; .
700 1# - ADDED ENTRY--PERSONAL NAME
Personal name Bruggenwert, M G M .
942 ## - ADDED ENTRY ELEMENTS (KOHA)
Koha item type Books
Holdings
Withdrawn status Lost status Damaged status Home library Current library Date acquired Full call number Accession Number Koha item type
      KAUAET KAUAET 07/04/2012 631.41 15691 Books
free website counter